Science Quiz

Random Science or Food Quiz

The Five Basic Tastes Quiz Stats

 Plays Quiz Updated Mar 4, 2014

     
Support Sporcle.
Go Orange.
Score 0/5 Timer 01:00
1 Play Today
% Correct
Sweetness
99.3%
Sourness
93.3%
Bitterness
83.7%
Saltiness
83.3%
Umami
49.7%

From the Vault

Mammals of Oceania

by Scuadrado

Science 10m
You know they're from Australia if they hate you.
Remove Ads.
Support Sporcle.
Get the best of Sporcle when you Go Orange. This ad-free experience offers more features, more stats, and more fun while also helping to support Sporcle. Thank you for becoming a member.

Show Comments

Extras

Top Quizzes Today


Score Distribution

Your Account Isn't Verified!

In order to create a playlist on Sporcle, you need to verify the email address you used during registration. Go to your Sporcle Settings to finish the process.

Report this User

Report this user for behavior that violates our Community Guidelines.

Details: